000 00418nam a22001697a 4500
003 NUST - PNEC
005 20170116180913.0
008 150903b xxu||||| |||| 00| 0 eng d
020 _a-
040 _cLIBRARY
082 _a620.112 HAR
100 _97224
_aHartog, J. P. Den
245 _aAdvanced strength of materials.
_cJ. P. Den Hartog
260 _cc.1952
650 _97227
_aMaterials
_xME
942 _2ddc
_cBK
999 _c65352
_d65352